000 00701nam a2200205Ii 4500
003 JO-AjNU
008 230605s9999||||xx |||||||||||||| ||und||
040 _aJO-AjNU
_bara
_erda
_cJO-AjNU
041 _aara
050 1 4 _aDT137 1981
100 3 _aتاليف منتصر، عبد الحليم، م.مشارك القصاص، محمد عبد الفتاح,
_eauthor
_936341
245 0 0 _aصحارى مصر
264 3 1 _aالقاهرة: دار الهلال، 1981
300 _a137ص
_bصور توضيحية
336 _atext
_btxt
_2rdacontent
337 _aunmediated
_bn
_2rdamedia
338 _avolume
_bnc
_2rdacarrier
490 0 _aالالف كتاب؛ 109
650 4 _aمصر-تاريح
_936342
999 _aA15089
_c18657
_d18657